Danh bạ các hoạt xã hội của người công giáo tại thành phố Hồ Chí Minh 2006

Bewaard in:
Bibliografische gegevens
Formaat: Boek
Gepubliceerd in: Tp. Hồ Chí Minh Tp. Hồ Chí Minh 2006
Onderwerpen:
Tags: Voeg label toe
Geen labels, Wees de eerste die dit record labelt!
Thư viện lưu trữ: Trung tâm Học liệu Lê Vũ Hùng, Trường Đại học Đồng Tháp
LEADER 00698pam a22002058a 4500
001 00042559
005 20181003151015.0
008 170328s1999 ||||||Viesd
041 0 # |a Vie 
082 1 4 |a 361.025 6  |b D107B 
245 0 0 |a Danh bạ các hoạt xã hội của người công giáo tại thành phố Hồ Chí Minh 2006 
260 # # |a Tp. Hồ Chí Minh  |b Tp. Hồ Chí Minh  |c 2006 
300 # # |a 108 tr.  |c 21 cm. 
653 # # |a Công giáo 
653 # # |a Tổ Chức 
653 # # |a Công tác xã hội 
653 # # |a Danh bạ 
852 # # |j KD.0024089 
910 |d 03/10/2018 
980 # # |a Trung tâm Học liệu Lê Vũ Hùng, Trường Đại học Đồng Tháp